| 000 | 00591nam a2200205 u 4500 | ||
|---|---|---|---|
| 005 | 20240831063731.0 | ||
| 008 | 100426s2003 mx r 000 0 spa d | ||
| 020 | _a9681910117 | ||
| 035 | _aUPN01000175513 | ||
| 049 | _aI | ||
| 050 | 4 |
_aPZ74.7 _bS5.9 |
|
| 100 | 1 |
_aSierra i Fabra, Jordi, _d1947- _930256 |
|
| 245 | 1 | 0 |
_aZack Galaxy (una aventura intergaláctica) / _cJordi Sierra i Fabra. |
| 260 |
_aMéxico : _bAlfaguara, _c2003. |
||
| 300 |
_a165 p. : _bil. |
||
| 440 | 0 | _aAlfaguara infantil | |
| 650 | 4 |
_aCuentos infantiles españoles _97725 |
|
| 905 | _aLibro | ||
| 999 |
_c147617 _d147617 |
||